Environment / (Record no. 3816)
[ view plain ]
| 000 -LEADER | |
|---|---|
| fixed length control field | 00662cam a2200193 a 4500 |
| 020 ## - INTERNATIONAL STANDARD BOOK NUMBER | |
| International Standard Book Number | 9780470118573 |
| 050 00 - LIBRARY OF CONGRESS CALL NUMBER | |
| Classification number | GE70 |
| Item number | .R38 2010 |
| 100 1# - MAIN ENTRY--PERSONAL NAME | |
| Personal name | Raven, Peter H. |
| 245 10 - TITLE STATEMENT | |
| Title | Environment / |
| Statement of responsibility, etc. | Peter H. Raven, Linda R. Berg, David M. Hassenzahl. |
| 250 ## - EDITION STATEMENT | |
| Edition statement | 7th ed. |
| 260 ## - PUBLICATION, DISTRIBUTION, ETC. (IMPRINT) | |
| Place of publication, distribution, etc. | Hoboken, N.J. : |
| Name of publisher, distributor, etc. | J. Wiley & Sons, c2010. |
| 300 ## - PHYSICAL DESCRIPTION | |
| Extent | xx, 589, A1-12, G1-16, T1-2, I1-16 p. : |
| 500 ## - GENERAL NOTE | |
| General note | Fold-out data sheet inserted. |
| 700 1# - ADDED ENTRY--PERSONAL NAME | |
| Personal name | Berg, Linda R. |
| 700 1# - ADDED ENTRY--PERSONAL NAME | |
| Personal name | Hassenzahl, David M. |
| 856 42 - ELECTRONIC LOCATION AND ACCESS | |
| Uniform Resource Identifier | <a href="http://www.loc.gov/catdir/enhancements/fy1008/2010290915-d.html">http://www.loc.gov/catdir/enhancements/fy1008/2010290915-d.html</a> |
| 856 41 - ELECTRONIC LOCATION AND ACCESS | |
| Uniform Resource Identifier | <a href="http://www.loc.gov/catdir/enhancements/fy1008/2010290915-t.html">http://www.loc.gov/catdir/enhancements/fy1008/2010290915-t.html</a> |
| 942 ## - ADDED ENTRY ELEMENTS (KOHA) | |
| Koha item type | General circulation |
| Withdrawn status | Lost status | Source of classification or shelving scheme | Damaged status | Not for loan | Home library | Current library | Shelving location | Date acquired | Source of acquisition | Total Checkouts | Full call number | Barcode | Date last seen | Date last checked out | Price effective from | Koha item type |
|---|---|---|---|---|---|---|---|---|---|---|---|---|---|---|---|---|
| Library of Congress Classification | Main Campus Library | Main Campus Library | General Stacks | 23/06/2017 | purchase | 2 | GE 70 .R38 2010 | 2016/011967 | 07/02/2020 | 29/01/2020 | 23/06/2017 | General circulation |